Collected plays : (Record no. 136638)

MARC details
000 -LEADER
fixed length control field 00878nam a22002417a 4500
003 - CONTROL NUMBER IDENTIFIER
control field dpl
005 - DATE AND TIME OF LATEST TRANSACTION
control field 20180529170602.0
008 - FIXED-LENGTH DATA ELEMENTS--GENERAL INFORMATION
fixed length control field 180529b xxu||||| |||| 00| 0 eng d
010 ## - LIBRARY OF CONGRESS CONTROL NUMBER
LC control number B-225839
020 ## - INTERNATIONAL STANDARD BOOK NUMBER
International Standard Book Number 9780195673111
Terms of availability 545
035 ## - SYSTEM CONTROL NUMBER
System control number B-225839, B-225845
037 ## - SOURCE OF ACQUISITION
Stock number Cen Lib / Ret
040 ## - CATALOGING SOURCE
Original cataloging agency DPL
Language of cataloging EN
Transcribing agency 0
082 ## - DEWEY DECIMAL CLASSIFICATION NUMBER
Classification number 882
Item number KAR
100 ## - MAIN ENTRY--PERSONAL NAME
Personal name Karnad, Girish
245 ## - TITLE STATEMENT
Title Collected plays :
Remainder of title tale danda the fire and the rain the dreams of tipu sultan two monologues : Flowers broken images /
Statement of responsibility, etc by Girish Karnad
260 ## - PUBLICATION, DISTRIBUTION, ETC. (IMPRINT)
Place of publication, distribution, etc New Delhi
Name of publisher, distributor, etc Oxford University Press
Date of publication, distribution, etc 2006
270 ## - ADDRESS
Address YMCA Library Building Jai Singh Road
City New Delhi
Postal code 110001
300 ## - PHYSICAL DESCRIPTION
Extent (v 2. vi, 302p)
Other physical details 24Cm(Hb)
650 ## - SUBJECT ADDED ENTRY--TOPICAL TERM
Topical term or geographic name as entry element Karnad, Girish Raghunath, -- 1938- -- Translations into English.
650 ## - SUBJECT ADDED ENTRY--TOPICAL TERM
Topical term or geographic name as entry element Karnad, Girish Raghunath, -- 1938-
942 ## - ADDED ENTRY ELEMENTS (KOHA)
Source of classification or shelving scheme Dewey Decimal Classification
Koha item type English Books
Classification part 882
Call number suffix KAR
Holdings
Withdrawn status Lost status Materials specified (bound volume or other part) Damaged status Not for loan Home library Current library Date acquired Source of acquisition Cost, normal purchase price Total Checkouts Total Renewals Full call number Barcode Date last seen Date checked out Cost, replacement price Price effective from Koha item type Source of classification or shelving scheme Collection code Copy number
    v 2     Central Library Central Library 07/03/2016 Cen Lib/Ret 545.00 1 1 882 KAR B-225839 03/05/2018 07/04/2018 545.00 07/03/2016 English Books      
          Patel Nagar Patel Nagar 28/06/2019 BPPD/PUB 545.00 1   882 KAR B-225840 28/06/2019 28/06/2019 545.00 28/06/2019 English Books Dewey Decimal Classification Non-fiction 1
          Shahdara Branch Shahdara Branch 29/05/2018 BPPD/PUB 545.00 1   882 KAR B-225845 20/08/2025 05/08/2025 545.00 29/05/2018 English Books Dewey Decimal Classification Non-fiction  

© Delhi Public Library
Hit Counter
free hit counter